banner koha

Physiological responses of arugula/nirá intercropping under different arrangements and growing seasons (Registro n. 338324)

MARC details
000 -LÍDER
fixed length control field 04817nab a2200385 i 4500
003 - CÓDIGO MARC DA AGÊNCIA CATALOGADORA
Campo de controle BR-BrBNA
005 - DATA E HORA DA ÚLTIMA ATUALIZAÇÃO
Campo de controle 20250923120337.0
008 - CAMPO DE TAMANHO FIXO
fixed length control field 250923b2022 bl.qr|pooa||| 00| 0 eng |
040 ## - FONTE DA CATALOGAÇÃO
Agência catalogadora BR-BrBNA
Idioma da catalogação eng
072 ## - CATEGORIA AGRIS
Código AGRIS F08
Código do objeto 1690
072 ## - CATEGORIA AGRIS
Código AGRIS F61
072 ## - CATEGORIA AGRIS
Código AGRIS F60
100 ## - ENTRADA PRINCIPAL - NOME PESSOAL
Nome pessoal Guimarães, Marcelo de A
100 ## - ENTRADA PRINCIPAL - NOME PESSOAL
Nome pessoal Lemos Neto, Hozano de S
100 ## - ENTRADA PRINCIPAL - NOME PESSOAL
Nome pessoal Lima Neto, Benedito P
100 ## - ENTRADA PRINCIPAL - NOME PESSOAL
Nome pessoal Hendges, Ana Régia AA
100 ## - ENTRADA PRINCIPAL - NOME PESSOAL
Nome pessoal Viana, Caris dos S
100 ## - ENTRADA PRINCIPAL - NOME PESSOAL
Nome pessoal Rabelo, Janiquelle da S
100 ## - ENTRADA PRINCIPAL - NOME PESSOAL
Nome pessoal Oliveira, Francisco Ronaldo A de
245 ## - TÍTULO PRINCIPAL
Título principal Physiological responses of arugula/nirá intercropping under different arrangements and growing seasons
500 ## - NOTA GERAL
Nota geral <br/>Publicação online; 22 ref.; 5 tables; Summaries (En, Pt)
942 ## - ADDED ENTRY ELEMENTS (KOHA)
Koha item type Analítica
520 ## - NOTA DE RESUMO
Nota de conteúdo <br/><br/><br/>ABSTRACT: In intercropping between vegetable species, little is known about physiological responses. Thus, getting to know the physiological behavior of these crops is essential to define whether the species are efficient. The aim of this study was to evaluate the physiological responses of arugula/nirá intercropping under different arrangements and growing seasons. The experiment was conducted in a randomized block design, in a split-plot scheme, using the following cultivation arrangements: T1 = arugula monocropping; T2 = two rows of arugula with three rows of nirá (2R:3N); T3 = two rows of arugula with two rows of nirá (2R:2N); T4 = two rows of arugula with one row of nirá (2R:1N), in plots and growing seasons in the subplots (July 24th and September 3rd). We evaluated net photosynthesis rate, stomatal conductance, transpiration, internal carbon concentration, water use efficiency, leaf area and productivity. The highest rates of net photosynthesis were obtained in 2R:3N arrangement in the first growing season. Transpiration, stomatal conductance and internal carbon concentration were lower in the second growing season. The intrinsic and instantaneous water-use efficiencies were higher in the second growing season. Arugula monocropping and the 2R:1N arrangement reached similar productivity. The physiological responses of arugula were not influenced by the nirá cultivation arrangements, indicating that the crop can be arranged without harming the efficiency of the photosynthetic process. The 2R:1N intercropping allowed the best productive performance in the first growing season. <br/><br/><br/>Keywords: Eruca sativa, Allium tuberosum, photosynthesis, physiological behavior
520 ## - NOTA DE RESUMO
Nota de conteúdo <br/><br/><br/>RESUMO: No consórcio entre hortaliças pouco se conhece sobre as respostas fisiológicas. Conhecer o comportamento fisiológico é fundamental para avaliar a eficiência dessas espécies. Sendo assim, objetivou-se avaliar as respostas fisiológicas da rúcula consorciada com nirá sob diferentes arranjos espaciais e épocas de cultivo. O experimento foi conduzido no delineamento em blocos casualizados, em esquema de parcela subdividida, com os arranjos de cultivo {T1 = monocultivo de rúcula; T2 = duas linhas de rúcula com três de nirá (2R:3N); T3 = duas linhas de rúcula e duas de nirá (2R:2N); T4 = duas linhas de rúcula e uma de nirá (2R:1N)}, nas parcelas e as épocas de cultivo nas subparcelas (24 de julho e 03 de setembro). Avaliou-se a taxa de fotossíntese líquida, condutância estomática, transpiração, concentração interna de CO2, eficiência do uso da água, área foliar e produtividade. A maior taxa de fotossíntese líquida foi observada no arranjo 2R:3N para a primeira época de cultivo. A transpiração, condutância estomática e concentração de carbono interna foram menores na segunda época de cultivo. As eficiências intrínseca e instantânea do uso da água foram maiores na segunda época de cultivo. A rúcula em monocultivo e o cultivo consorciado 2R:1N alcançaram produtividade semelhante. As respostas fisiológicas da rúcula não foram influenciadas pelos arranjos de cultivo com nirá, indicando que a cultura pode ser arranjada sem prejuízo à eficiência do processo fotossintético. O consórcio 2R:1N possibilitaram o melhor desempenho produtivo na primeira época de cultivo.<br/><br/><br/><br/>Palavras-chave: Eruca sativa, Allium tuberosum, fotossíntese, comportamento fisiológico
650 ## - ASSUNTO - THESAGRO
Cabeçalho tópico ou nome geográfico RÚCULA
650 ## - ASSUNTO - THESAGRO
Cabeçalho tópico ou nome geográfico ÉPOCA DE PLANTIO
650 ## - ASSUNTO - THESAGRO
Cabeçalho tópico ou nome geográfico SISTEMA DE CULTIVO
650 ## - ASSUNTO - THESAGRO
Cabeçalho tópico ou nome geográfico CONSORCIAÇÃO DE CULTURA
650 ## - ASSUNTO - THESAGRO
Cabeçalho tópico ou nome geográfico FOTOSSÍNTESE
650 ## - ASSUNTO - THESAGRO
Cabeçalho tópico ou nome geográfico TRANSPIRAÇÃO VEGETAL
650 ## - ASSUNTO - THESAGRO
Cabeçalho tópico ou nome geográfico FISIOLOGIA VEGETAL
773 0# - ENTRADA ANALÍTICA
Host Biblionumber 1047
Registro do item 357917
Imprenta Brasília-DF Sociedade de Olericultura do Brasil 1983
Outro identificador 2025-5882
Título Horticultura Brasileira (Brazil)
ISSN 0102-0536
Colação v. 40(3) p. 255-260; (2022)
Número de controle de registro BR2025002390
856 ## - ACESSO E ENDEREÇO ELETRÔNICO
Identificador uniforme de recurso - URI https://www.scielo.br/j/hb/a/S4LKQssZZMNxxzxPWGLy57b/?format=pdf&lang=pt

Nenhum exemplar disponível.

BINAGRI

Telefone: (61)3218-2567/2388/3357/2097 - binagri@agro.gov.br

Ministério da Agricultura e Pecuária , Esplanada dos Ministérios, Bloco D, Anexo B, Brasília/DF, CEP: 70.043-900